<?xml version="1.0" encoding="UTF-8"?>
<collection xmlns="http://www.loc.gov/MARC21/slim">
 <record>
  <leader>     na                 </leader>
  <controlfield tag="001">INLIS000000000007224</controlfield>
  <controlfield tag="005">20260427103101</controlfield>
  <datafield tag="035" ind1=" " ind2=" ">
   <subfield code="a">0010-0423000063</subfield>
  </datafield>
  <controlfield tag="008">230426s2021    ntia   g            ind  </controlfield>
  <datafield tag="040" ind1=" " ind2=" ">
   <subfield code="a">NTPDKUP</subfield>
   <subfield code="b">ind</subfield>
   <subfield code="e">rda</subfield>
  </datafield>
  <datafield tag="043" ind1=" " ind2=" ">
   <subfield code="a">a-io-nt</subfield>
  </datafield>
  <datafield tag="100" ind1=" " ind2=" ">
   <subfield code="a">Stephen B, Bevans</subfield>
   <subfield code="e">penulis</subfield>
   <subfield code="e">Stephen B, Bevans</subfield>
   <subfield code="e">penulis</subfield>
  </datafield>
  <datafield tag="245" ind1=" " ind2=" ">
   <subfield code="a">Terus berubah - tetap setia :</subfield>
   <subfield code="b">dasar, pola, konteks misi /</subfield>
   <subfield code="c">penulis, Stephen B. Bevans &amp; Roger P. Schroeder ; penerjemah, Yosef Maria Florisan</subfield>
  </datafield>
  <datafield tag="250" ind1=" " ind2=" ">
   <subfield code="a">Cetakan Kedua, Februari 2021</subfield>
  </datafield>
  <datafield tag="300" ind1=" " ind2=" ">
   <subfield code="a">xlviii, 688 halaman :</subfield>
   <subfield code="b">ilustrasi ;</subfield>
   <subfield code="c">23 cm</subfield>
  </datafield>
  <datafield tag="504" ind1=" " ind2=" ">
   <subfield code="a">Bibliografi : halaman 597-660</subfield>
  </datafield>
  <datafield tag="020" ind1=" " ind2=" ">
   <subfield code="a">979-9447-90-3</subfield>
  </datafield>
  <datafield tag="041" ind1=" " ind2=" ">
   <subfield code="a">ind</subfield>
  </datafield>
  <datafield tag="082" ind1=" " ind2=" ">
   <subfield code="2">[23]</subfield>
   <subfield code="a">266</subfield>
  </datafield>
  <datafield tag="084" ind1=" " ind2=" ">
   <subfield code="a">CB-D.16.15 2021-012</subfield>
  </datafield>
  <datafield tag="090" ind1=" " ind2=" ">
   <subfield code="a">CB-D.16.15 2021-012</subfield>
  </datafield>
  <datafield tag="264" ind1=" " ind2=" ">
   <subfield code="a">Maumere :</subfield>
   <subfield code="b">Ledalero,</subfield>
   <subfield code="c">2021</subfield>
  </datafield>
  <datafield tag="336" ind1=" " ind2=" ">
   <subfield code="2">rdacontent</subfield>
   <subfield code="a">teks</subfield>
  </datafield>
  <datafield tag="337" ind1=" " ind2=" ">
   <subfield code="2">rdamedia</subfield>
   <subfield code="a">tanpa perantara</subfield>
  </datafield>
  <datafield tag="338" ind1=" " ind2=" ">
   <subfield code="2">rdacarrier</subfield>
   <subfield code="a">volume</subfield>
  </datafield>
  <datafield tag="520" ind1=" " ind2=" ">
   <subfield code="a">Sedikit sekali buku yang bersifat 'monumental'. Tanpa ragu, ciri monumental harus diberikan pada magnum opus David Bosch, yaitu Transformasi Misi Kristen : Sejarah Teologi Misi yang Mengubah dan Berubah. Summa missiologica itu langsung menjadi acuan tanpa bandingan begi setiap orang yang hendak menggumuli seluk beluk telogi misi. Waktu Transformasi Misi menyajikan informasi terlengkap dan terpadu tentang sejarah pewartaan injil sepanjang zaman dan di seluruh dunia. Transformasi misi sangat meyakinkan dalam tiga hal ini : dasar biblis, uraian perkembangan misi sepanjang zaman, dan perumusan 13 elemen menuju pola misi baru.</subfield>
  </datafield>
  <datafield tag="521" ind1=" " ind2=" ">
   <subfield code="a">Untuk Umum</subfield>
  </datafield>
  <datafield tag="650" ind1=" " ind2=" ">
   <subfield code="a">Misi (Kristiani)</subfield>
  </datafield>
  <datafield tag="700" ind1=" " ind2=" ">
   <subfield code="a">Roger P. Schroeder</subfield>
   <subfield code="e">penulis;</subfield>
  </datafield>
  <datafield tag="700" ind1=" " ind2=" ">
   <subfield code="a">Yosef Maria Florisan</subfield>
   <subfield code="e">penerjemah</subfield>
  </datafield>
  <datafield tag="850" ind1=" " ind2=" ">
   <subfield code="a">NTPDKUP</subfield>
  </datafield>
  <datafield tag="990" ind1=" " ind2=" ">
   <subfield code="a">CB-D.16.15 2021-012</subfield>
  </datafield>
 </record>
</collection>
